Študijný program 1998-1999 Gréckokatolícka bohoslovecká fakulta v Prešove

Bibliographic Details
Corporate Author: Prešovská univerzita v Prešove. Gréckokatolícka bohoslovecká fakulta (vyd)
Format: Book
Language:Slovak
PhysicalDescription:35 s. tab. 21 cm
Published: Prešov Petra 1998
ISBN:8096797530
Subjects:

MARC

LEADER 00000nam a2200000 a 4500
001 vtls001357067
003 SK-MaSNL
005 20260301114953.0
008 160415s1998 xo r y 0 slo
015 |a SNBE1999/01-00510 
020 |a 8096797530 
035 |a SNK000310560 
040 |a SNK  |b slo  |c SNK  |e AACR2 
041 0 |a slo 
044 |a xo  |c SK 
080 |a 378.4.096:281.94(073)"1998/1999"  |2 1981 
080 |a 281.94  |2 1981 
245 1 |a Študijný program 1998-1999 Gréckokatolícka bohoslovecká fakulta v Prešove 
260 |a Prešov  |b Petra  |c 1998 
300 |a 35 s.  |b tab.  |c 21 cm 
500 |a Vydané pre Gréckokatolícku bohosloveckú fakultu Prešovskej univerzity v Prešove 
500 |a Nepredajné! 
610 0 7 |a Prešovská univerzita v Prešove.  |b Gréckokatolícka bohoslovecká fakulta  |9 177610 
650 0 7 |a šk. r. 1998-1999  |x programy študijné  |2 SNK  |9 459224 
651 7 |a Prešov (Slovensko)  |2 SNK  |9 17347 
655 7 |a informačné publikácie  |2 SNK  |9 70181 
710 2 |a Prešovská univerzita v Prešove.  |b Gréckokatolícka bohoslovecká fakulta  |4 vyd  |9 177610 
919 |a 80-967975-3-0 
958 |a TL 
958 |a BQ 
999 |c 720447  |d 722377 
952 |a SNK  |b SNK  |y PREZ  |7 0  |p 17A0220760  |o snkČSD 2013/1998-1999  |i snkKSP 2435/99  |0 0  |1 0  |4 0  |d 1999-03-10  |l 0  |r 2005-01-02 00:00:00  |w 2026-02-23 
952 |a SNK  |b SNK  |y PREZ  |7 0  |p 17A0183709  |o snkČSD 2013/1998-1999 D1  |i snkKSP 2436/99  |0 0  |1 0  |4 0  |d 1999-03-10  |l 0  |r 2005-01-02 00:00:00  |w 2026-02-23 
952 |t R. 1998-1999  |a SNK  |b SNK  |y NEVYP  |7 0  |o snkC 381  |i snk781/20000713  |0 0  |1 0  |4 0  |d 2000-07-11  |l 0  |r 2005-01-02 00:00:00  |w 2026-02-23